000 00430nam a22001457a 4500
005 20250630135807.0
008 250630b |||||||| |||| 00| 0 eng d
020 _a9780802867872
050 _a9780802867872
100 _aGREIDANUS SIDNEY
245 _aPREACHING CHRIST FROM DANIEL;
_bFOUNDATIONS FOR EXPOSITORY SSERMONS
260 _aMICHIGAN
_bW. B. EERDMANS PUBLISHING COMPANY
_cc2012
300 _axv, 440p
942 _2lcc
_cBK
_n0
999 _c6790
_d6790